[Event "FRA-chT4 0405"]
[Site "Franconville"]
[Date "2005.03.13"]
[Round "6.2"]
[White "Dominguez, Alain"]
[Black "Liou, Pierre"]
[Result "0-1"]
[WhiteElo "1920"]
[BlackElo "1960"]
[PlyCount "76"]
[EventDate "2004.10.10"]
[EventType "team"]
[EventRounds "7"]
[EventCountry "FRA"]
[SourceTitle "EXT 2007"]
[Source "ChessBase"]
[SourceDate "2006.11.23"]
[SourceVersion "1"]
[SourceVersionDate "2006.11.23"]
[SourceQuality "1"]

1. c4 c5 2. Nc3 Nc6 3. g3 g6 4. Bg2 Bg7 5. Nf3 a6 6. 0-0 e6 7. Ne4 d6 8. d3 f5 9. Ned2 Nge7 10. Nb3 e5 11. e3 0-0 12. a3 b5 13. Rb1 Rb8 14. Qc2 Qb6 15. Nbd2 b4 16. b3 bxa3 17. Bxa3 Nb4 18. Bxb4 Qxb4 19. Rfd1 Bd7 20. Qa2 a5 21. Ne1 Bc6 22. Nc2 Qb6 23. e4 f4 24. Bh3 Bh6 25. Kg2 Kh8 26. Be6 Rf6 27. Bd5 fxg3 28. hxg3 Rbf8 29. f3 Bxd2 30. Rxd2 Rxf3 31. Ra1 Nxd5 32. exd5 Bd7 33. Qxa5 Qxb3 34. Ne1 R3f6 35. Qc7 Qc3 36. Raa2 Bg4 37. Kh2 Qc1 38. Ng2 Rf1 0-1